| 000 | 00414nam a2200157Ia 4500 | ||
|---|---|---|---|
| 100 | _aShames/Irving H/ Dym/Clive L | ||
| 650 | _aFinite Element | ||
| 942 | _cBK | ||
| 366 | _f20 | ||
| 654 | _afinite element | ||
| 245 | _aEnergy and finite element method in structural mechanics | ||
| 260 |
_bNew Age International Ltd. _aNew Delhi _c2006 |
||
| 082 |
_a620.0015/SHA _bSHA |
||
| 300 | _a757 | ||
| 546 | _aENGLISH | ||
| 999 |
_c23782 _d23782 |
||